LEADER 00919nam a2200217 i 4500 001 000000147079 003 CaOOAMICUS 005 20060123000000.0 008 060123s1989 it u000 u ita u 013 $a124066 040 $aSeMil$bita 100 1 $aBaj, Ferdinando <1911-1997>.$0(OLS)http://semarc/name/11860 245 10$aBreviario della Terza Età :$bAnziani in preghiera /$cFerdinando Baj. 260 $aBrezzo di Bedero (VA) :$bSalcom,$c1989. 300 $a131 p. :$bill. ;$c17 cm. 650 4$aAnziani - Preghiere - Testi.$0(OLS)http://semarc/subject/28747 850 $aSeMil 852 $aSeMil$W1$xVenegono$y1$m3K I 90$j99672$B99672$CSeMilBibl$Z2$F108350 $81 961 $aRecupero: Biblioteca Seminario Seveso (dal 1998) 996 $6245$aBreviario della Terza Età :$bAnziani in preghiera$9(OLS)http://semarc/title/215097 996 $6260$aBrezzo di Bedero (VA) :$bSalcom$9(OLS)http://semarc/publisher/32180 LEADER 00986nam a2200229 4500 001 000000354466 003 CaOOAMICUS 005 20230627093238.0 008 230627s1930 fr 000 u fre r 040 $aSeMil$bita 100 1 $aCabrol, Fernand,$c.$0(OLS)http://semarc/name/345 245 14$aLes livres de la liturgie latine /$cpar le r.me dom F. Cabrol. 264 1$a[Paris] :$bBloud & Gay,$c1930. 300 $a165 p. ;$c19 cm 490 1 $aBibliothèque catholique des sciences religieuses 650 4$aLiturgia latina - Libri.$0(OLS)http://semarc/subject/53986 830 0$aBibliothèque catholique des sciences religieuses.$0(OLS)http://semarc/title/20005 850 $aSeMil 852 $aSeMil$W1$xVenegono$y1$m3K III 201$j241744$B245720$CSeMilBibl$Z2$F245720 $81 996 $6245$aLes livres de la liturgie latine$9(OLS)http://semarc/title/444606 996 $6264$a[Paris] :$bBloud & Gay$9(OLS)http://semarc/publisher/33099